<?xml version="1.0" encoding="UTF-8"?>
<record
    xmlns:xsi="http://www.w3.org/2001/XMLSchema-instance"
    xsi:schemaLocation="http://www.loc.gov/MARC21/slim http://www.loc.gov/standards/marcxml/schema/MARC21slim.xsd"
    xmlns="http://www.loc.gov/MARC21/slim">

  <leader>02518nam0a2200433   4500</leader>
  <controlfield tag="001">RU\NLR\bibl\158846</controlfield>
  <controlfield tag="005">20260407064113.0</controlfield>
  <datafield tag="010" ind1=" " ind2=" ">
    <subfield code="a">5-88143-068-9</subfield>
    <subfield code="b">&#x412; &#x43F;&#x435;&#x440;.</subfield>
    <subfield code="9">3000</subfield>
  </datafield>
  <datafield tag="021" ind1=" " ind2=" ">
    <subfield code="a">RU</subfield>
    <subfield code="b">2001-2092</subfield>
    <subfield code="9">110</subfield>
  </datafield>
  <datafield tag="035" ind1=" " ind2=" ">
    <subfield code="a">(NLR Aleph) 000155804</subfield>
  </datafield>
  <datafield tag="090" ind1=" " ind2=" ">
    <subfield code="a">895139</subfield>
    <subfield code="c">895139</subfield>
  </datafield>
  <datafield tag="100" ind1=" " ind2=" ">
    <subfield code="a">20010316d2000    |||y0rusy50      ca</subfield>
  </datafield>
  <datafield tag="101" ind1="0" ind2=" ">
    <subfield code="a">rus</subfield>
  </datafield>
  <datafield tag="102" ind1=" " ind2=" ">
    <subfield code="a">RU</subfield>
  </datafield>
  <datafield tag="105" ind1=" " ind2=" ">
    <subfield code="a">a   z||||||||</subfield>
  </datafield>
  <datafield tag="200" ind1="1" ind2=" ">
    <subfield code="a">&#x41C;&#x43E;&#x439; &#x440;&#x43E;&#x434;&#x43D;&#x43E;&#x439; &#x41C;&#x43E;&#x441;&#x43A;&#x43E;&#x432;&#x441;&#x43A;&#x438;&#x439;... "&#x420;&#x430;&#x434;&#x438; &#x436;&#x438;&#x437;&#x43D;&#x438; &#x43D;&#x430; &#x437;&#x435;&#x43C;&#x43B;&#x435;..."</subfield>
    <subfield code="e">&#x432;&#x43E;&#x441;&#x43F;&#x43E;&#x43C;&#x438;&#x43D;&#x430;&#x43D;&#x438;&#x44F; &#x432;&#x435;&#x442;&#x435;&#x440;&#x430;&#x43D;&#x43E;&#x432; &#x438; &#x43B;&#x443;&#x447;&#x448;&#x438;&#x435; &#x440;&#x430;&#x431;&#x43E;&#x442;&#x44B; &#x448;&#x43A;&#x43E;&#x43B;&#x44C;&#x43D;&#x438;&#x43A;&#x43E;&#x432; &#x41C;&#x43E;&#x441;&#x43A;&#x43E;&#x432;&#x441;&#x43A;&#x43E;&#x433;&#x43E; &#x440;&#x430;&#x439;&#x43E;&#x43D;&#x430; - &#x443;&#x447;&#x430;&#x441;&#x442;&#x43D;&#x438;&#x43A;&#x43E;&#x432; &#x43A;&#x43E;&#x43D;&#x43A;&#x443;&#x440;&#x441;&#x430;, &#x43F;&#x43E;&#x441;&#x432;&#x44F;&#x449;&#x435;&#x43D;&#x43D;&#x43E;&#x433;&#x43E; 55-&#x43B;&#x435;&#x442;&#x438;&#x44E; &#x41F;&#x43E;&#x431;&#x435;&#x434;&#x44B;</subfield>
    <subfield code="f">&#x422;&#x435;&#x440;&#x440;&#x438;&#x442;&#x43E;&#x440;. &#x443;&#x43F;&#x440;. &#x41C;&#x43E;&#x441;&#x43A;. &#x430;&#x434;&#x43C;. &#x440;-&#x43D;&#x430; &#x433;. &#x421;&#x430;&#x43D;&#x43A;&#x442;-&#x41F;&#x435;&#x442;&#x435;&#x440;&#x431;&#x443;&#x440;&#x433;&#x430;, &#x423;&#x43F;&#x440;. &#x43E;&#x431;&#x440;&#x430;&#x437;&#x43E;&#x432;&#x430;&#x43D;&#x438;&#x44F; &#x41C;&#x43E;&#x441;&#x43A;. &#x440;-&#x43D;&#x430;, &#x41D;&#x430;&#x443;&#x447;.-&#x43C;&#x435;&#x442;&#x43E;&#x434;. &#x446;&#x435;&#x43D;&#x442;&#x440; &#x423;&#x43F;&#x440;. &#x43E;&#x431;&#x440;&#x430;&#x437;&#x43E;&#x432;&#x430;&#x43D;&#x438;&#x44F; &#x41C;&#x43E;&#x441;&#x43A;. &#x440;-&#x43D;&#x430;</subfield>
    <subfield code="g">[&#x441;&#x43E;&#x441;&#x442;. &#x411;&#x435;&#x43B;&#x43E;&#x442;&#x435;&#x43B;&#x43E;&#x432;&#x430; &#x410;.&#x41D;. &#x438; &#x434;&#x440;.</subfield>
    <subfield code="g">&#x43F;&#x43E;&#x434; &#x43E;&#x431;&#x449;. &#x440;&#x435;&#x434;. &#x418;&#x432;&#x430;&#x43D;&#x43E;&#x432;&#x43E;&#x439; &#x41E;.&#x412;.]</subfield>
  </datafield>
  <datafield tag="210" ind1=" " ind2=" ">
    <subfield code="a">&#x421;&#x430;&#x43D;&#x43A;&#x442;-&#x41F;&#x435;&#x442;&#x435;&#x440;&#x431;&#x443;&#x440;&#x433;</subfield>
    <subfield code="c">&#x41F;&#x435;&#x442;&#x440;&#x43E;&#x433;&#x440;&#x430;&#x434;&#x441;&#x43A;&#x438;&#x439; &#x438; &#x41A;&#xB0;</subfield>
    <subfield code="d">2000</subfield>
  </datafield>
  <datafield tag="215" ind1=" " ind2=" ">
    <subfield code="a">264 &#x441;., [12] &#x43B;. &#x438;&#x43B;.</subfield>
    <subfield code="c">&#x438;&#x43B;.</subfield>
    <subfield code="d">22</subfield>
  </datafield>
  <datafield tag="606" ind1="0" ind2=" ">
    <subfield code="a">&#x412;&#x435;&#x43B;&#x438;&#x43A;&#x430;&#x44F; &#x41E;&#x442;&#x435;&#x447;&#x435;&#x441;&#x442;&#x432;&#x435;&#x43D;&#x43D;&#x430;&#x44F; &#x432;&#x43E;&#x439;&#x43D;&#x430;</subfield>
    <subfield code="j">&#x412;&#x43E;&#x441;&#x43F;&#x43E;&#x43C;&#x438;&#x43D;&#x430;&#x43D;&#x438;&#x44F;, &#x437;&#x430;&#x43F;&#x438;&#x441;&#x43A;&#x438; &#x438; &#x442;.&#x43F;.</subfield>
    <subfield code="z">1941 - 1945</subfield>
    <subfield code="9">903571</subfield>
    <subfield code="3">RU\NLR\auth\668893</subfield>
  </datafield>
  <datafield tag="606" ind1="1" ind2=" ">
    <subfield code="a">&#x41A;&#x440;&#x430;&#x435;&#x432;&#x435;&#x434;&#x447;&#x435;&#x441;&#x43A;&#x430;&#x44F; &#x440;&#x430;&#x431;&#x43E;&#x442;&#x430;</subfield>
    <subfield code="j">&#x421;&#x431;&#x43E;&#x440;&#x43D;&#x438;&#x43A;&#x438;</subfield>
    <subfield code="x">&#x421;&#x440;&#x435;&#x434;&#x43D;&#x44F;&#x44F; &#x448;&#x43A;&#x43E;&#x43B;&#x430;</subfield>
    <subfield code="y">&#x421;&#x430;&#x43D;&#x43A;&#x442;-&#x41F;&#x435;&#x442;&#x435;&#x440;&#x431;&#x443;&#x440;&#x433;, &#x433;&#x43E;&#x440;&#x43E;&#x434;</subfield>
    <subfield code="9">2107072</subfield>
    <subfield code="3">RU\NLR\AUTH\661273756</subfield>
  </datafield>
  <datafield tag="606" ind1="0" ind2=" ">
    <subfield code="a">&#x41A;&#x440;&#x430;&#x435;&#x432;&#x435;&#x434;&#x435;&#x43D;&#x438;&#x435; &#x432; &#x448;&#x43A;&#x43E;&#x43B;&#x435;</subfield>
    <subfield code="j">&#x421;&#x431;&#x43E;&#x440;&#x43D;&#x438;&#x43A;&#x438;</subfield>
    <subfield code="y">&#x421;&#x430;&#x43D;&#x43A;&#x442;-&#x41F;&#x435;&#x442;&#x435;&#x440;&#x431;&#x443;&#x440;&#x433;, &#x433;&#x43E;&#x440;&#x43E;&#x434;</subfield>
    <subfield code="9">1012744</subfield>
    <subfield code="3">RU\NLR\auth\6668139</subfield>
  </datafield>
  <datafield tag="610" ind1="0" ind2=" ">
    <subfield code="a">&#x41B;&#x435;&#x43D;&#x438;&#x43D;&#x433;&#x440;&#x430;&#x434;&#x446;&#x44B; &#x432; &#x412;&#x435;&#x43B;&#x438;&#x43A;&#x43E;&#x439; &#x41E;&#x442;&#x435;&#x447;&#x435;&#x441;&#x442;&#x432;&#x435;&#x43D;&#x43D;&#x43E;&#x439; &#x432;&#x43E;&#x439;&#x43D;&#x435; 1941-1945 &#x433;&#x433;.</subfield>
  </datafield>
  <datafield tag="610" ind1="0" ind2=" ">
    <subfield code="a">&#x41A;&#x440;&#x430;&#x435;&#x432;&#x435;&#x434;&#x447;&#x435;&#x441;&#x43A;&#x430;&#x44F; &#x440;&#x430;&#x431;&#x43E;&#x442;&#x430; &#x432; &#x448;&#x43A;&#x43E;&#x43B;&#x435;</subfield>
  </datafield>
  <datafield tag="610" ind1="0" ind2=" ">
    <subfield code="a">&#x421;&#x430;&#x43D;&#x43A;&#x442;-&#x41F;&#x435;&#x442;&#x435;&#x440;&#x431;&#x443;&#x440;&#x433;, &#x438;&#x441;&#x442;&#x43E;&#x440;&#x438;&#x44F;</subfield>
  </datafield>
  <datafield tag="675" ind1=" " ind2=" ">
    <subfield code="a">94(470.23-25)"1941/1945"</subfield>
    <subfield code="v">3</subfield>
    <subfield code="z">rus</subfield>
  </datafield>
  <datafield tag="686" ind1=" " ind2=" ">
    <subfield code="a">03.19</subfield>
    <subfield code="2">rugasnti</subfield>
  </datafield>
  <datafield tag="686" ind1=" " ind2=" ">
    <subfield code="a">63.3(2)622</subfield>
    <subfield code="2">rubbk</subfield>
  </datafield>
  <datafield tag="686" ind1=" " ind2=" ">
    <subfield code="a">&#x422;3(2)722,013</subfield>
  </datafield>
  <datafield tag="686" ind1=" " ind2=" ">
    <subfield code="a">&#x427;421.385.44</subfield>
  </datafield>
  <datafield tag="701" ind1=" " ind2="1">
    <subfield code="a">&#x411;&#x435;&#x43B;&#x43E;&#x442;&#x435;&#x43B;&#x43E;&#x432;&#x430;</subfield>
    <subfield code="b">&#x410;. &#x41D;.</subfield>
    <subfield code="4">070</subfield>
  </datafield>
  <datafield tag="702" ind1=" " ind2="1">
    <subfield code="a">&#x418;&#x432;&#x430;&#x43D;&#x43E;&#x432;&#x430;</subfield>
    <subfield code="b">&#x41E;. &#x412;.</subfield>
    <subfield code="4">340</subfield>
  </datafield>
  <datafield tag="712" ind1="0" ind2="1">
    <subfield code="4">650</subfield>
    <subfield code="a">&#x41F;&#x435;&#x442;&#x435;&#x440;&#x431;&#x443;&#x440;&#x433;</subfield>
    <subfield code="b">&#x41C;&#x43E;&#x441;&#x43A;&#x43E;&#x432;&#x441;&#x43A;&#x438;&#x439; &#x440;&#x430;&#x439;&#x43E;&#x43D;. &#x43D;&#x430;&#x443;&#x447;.-&#x43C;&#x435;&#x442;&#x43E;&#x434;. &#x446;&#x435;&#x43D;&#x442;&#x440; &#x443;&#x43F;&#x440;. &#x43E;&#x431;&#x440;&#x430;&#x437;&#x43E;&#x432;&#x430;&#x43D;&#x438;&#x435;&#x43C;</subfield>
    <subfield code="3">RU\NLR\AUTH\8810031478</subfield>
    <subfield code="9">561581</subfield>
  </datafield>
  <datafield tag="801" ind1=" " ind2="0">
    <subfield code="a">RU</subfield>
    <subfield code="b">RKP</subfield>
    <subfield code="c">20010316</subfield>
    <subfield code="g">PSBO</subfield>
  </datafield>
  <datafield tag="801" ind1=" " ind2="1">
    <subfield code="a">RU</subfield>
    <subfield code="b">RKP</subfield>
    <subfield code="c">20010316</subfield>
  </datafield>
  <datafield tag="801" ind1=" " ind2="2">
    <subfield code="a">RU</subfield>
    <subfield code="b">NLR</subfield>
    <subfield code="c">20050617</subfield>
    <subfield code="g">rcr</subfield>
  </datafield>
  <datafield tag="942" ind1=" " ind2=" ">
    <subfield code="c">BOOK</subfield>
  </datafield>
  <datafield tag="980" ind1=" " ind2=" ">
    <subfield code="a">NB</subfield>
  </datafield>
  <datafield tag="995" ind1=" " ind2=" ">
    <subfield code="5">2003-10-27</subfield>
    <subfield code="a">ab</subfield>
    <subfield code="b">NLR01</subfield>
    <subfield code="c">NLR01</subfield>
    <subfield code="e">RZF</subfield>
    <subfield code="f">574430</subfield>
    <subfield code="o">0</subfield>
    <subfield code="r">BOOK</subfield>
  </datafield>
  <datafield tag="995" ind1=" " ind2=" ">
    <subfield code="5">2001-05-28</subfield>
    <subfield code="a">ad</subfield>
    <subfield code="b">NLR01</subfield>
    <subfield code="c">NLR01</subfield>
    <subfield code="e">RF8</subfield>
    <subfield code="f">1-1403144</subfield>
    <subfield code="k">2001-5/1344</subfield>
    <subfield code="o">0</subfield>
    <subfield code="r">BOOK</subfield>
    <subfield code="s">200151344_</subfield>
  </datafield>
  <datafield tag="995" ind1=" " ind2=" ">
    <subfield code="5">2001-05-28</subfield>
    <subfield code="a">ad</subfield>
    <subfield code="b">NLR01</subfield>
    <subfield code="c">NLR01</subfield>
    <subfield code="e">RF8</subfield>
    <subfield code="f">126634</subfield>
    <subfield code="k">2001-5/1344</subfield>
    <subfield code="o">0</subfield>
    <subfield code="r">BOOK</subfield>
    <subfield code="s">200151344_</subfield>
  </datafield>
  <datafield tag="995" ind1=" " ind2=" ">
    <subfield code="5">2001-06-14</subfield>
    <subfield code="a">az</subfield>
    <subfield code="b">NLR01</subfield>
    <subfield code="c">NLR01</subfield>
    <subfield code="e">TEMP</subfield>
    <subfield code="f">131815</subfield>
    <subfield code="o">0</subfield>
    <subfield code="r">BOOK</subfield>
  </datafield>
</record>
